000 00714nam a2200277Ia 4500
001 Z_2586
003 CHAP
008 220113s1979 xx 000 0 und d
010 _a165646
040 _cCHAP
082 _a576 C3y
100 _aCarpenter, Philip L.
_919280
245 _aMicrobiología /
_cpor Philip L. Carpenter
260 _aMéxico, D. F. :
_bInteramericana,
_c1979
300 _a518 p.
500 _aTraducción de la obra: Microbiology, 4 ed. en inglés de 1977
503 _aej.1: s/n \ ej. 2: 128823
650 _aMicrobiología
_975490
650 _aMicroorganismos
_975519
901 _a576 C3Y
902 _aM
910 _a1979
942 _c1
942 _cc1
999 _c165646
_d165646